Capitali per minore altitudine - America del Nord - Statistics

Statistiche generali
  • Questo quiz è stato fatto 5 volte
  • Il punteggio medio è 5 su 10
Statistiche sulle risposte
Altitudine (m) Capitale % Corretto
0 Panama
80%
2 Washington D.C.
80%
0 Kingstown
60%
2 Nassau
60%
0 Santo Domingo
60%
0 Basseterre
40%
2 Castries
40%
0 Port of Spain
40%
0 Roseau
20%
0 Saint John's
20%
Nessun quiz corrispondente trovato
Distribuzione punteggi
Percentuale di utenti per punteggio
Percentile per numero di risposta
I tuoi punteggi nel tempo
Non hai fatto questo quiz